000 007760000a22002410004500
003 LK-CoMWRAF
005 20240701100938.0
008 230817t1994 ||||| |||| 00| 0 eng d
040 _aLK-CoMWRAF
_dLK-CoMWRAF
_eLK-CoMWRAF
041 _aeng
082 _a305.409
_bBAL
100 _aBalchin, Cassandra
245 _aThe woman not the womb:
_bpopulation control vs. women's reproductive rights
260 _aLahore:
_bShirkat gah,
_c1994
300 _a30 p. : ill. ; 28 cm.
_bBibliography included
490 _aSpecial bulletin
_vMarch 1994
650 _aWomen's rights -Pakistan
650 _aBirth control -Government policy - Pakistan
650 _aWomen - Health and hygiene - Pakistan
700 _aMumtaz, Khawar
700 _a Shaheed, Farida
942 _cBK
999 _c2753
_d2753